Plastic design of frames (Record no. 164444)
[ view plain ]
| 000 -LEADER | |
|---|---|
| fixed length control field | 00774cam a2200265 4500 |
| 008 - FIXED-LENGTH DATA ELEMENTS--GENERAL INFORMATION | |
| fixed length control field | |
| 020 ## - INTERNATIONAL STANDARD BOOK NUMBER | |
| International Standard Book Number | 0521075173(pbk.) |
| 049 ## - LOCAL HOLDINGS (OCLC) | |
| Holding library | MAIN |
| 090 ## - LOCALLY ASSIGNED LC-TYPE CALL NUMBER (OCLC); LOCAL CALL NUMBER (RLIN) | |
| Classification number (OCLC) (R) ; Classification number, CALL (RLIN) (NR) | TA652 .B28 |
| 003 - CONTROL NUMBER IDENTIFIER | |
| control field | |
| 005 - DATE AND TIME OF LATEST TRANSACTION | |
| control field | 20230123134343.0 |
| 040 ## - CATALOGING SOURCE | |
| Transcribing agency | NUST |
| 100 10 - MAIN ENTRY--PERSONAL NAME | |
| Personal name | Baker, John Fleetwood, |
| 245 10 - TITLE STATEMENT | |
| Title | Plastic design of frames |
| Statement of responsibility, etc. | [by] Sir John Baker and Jacques Heyman. |
| 260 0# - PUBLICATION, DISTRIBUTION, ETC. | |
| Place of publication, distribution, etc. | London, |
| Name of publisher, distributor, etc. | Cambridge U.P., |
| Date of publication, distribution, etc. | 1969-71. |
| 300 ## - PHYSICAL DESCRIPTION | |
| Extent | 2 v. |
| Other physical details | illus. |
| Dimensions | 24 cm. |
| 505 0# - FORMATTED CONTENTS NOTE | |
| Formatted contents note | 1. Fundamentals.--v. 2. Applications. |
| 650 #0 - SUBJECT ADDED ENTRY--TOPICAL TERM | |
| Topical term or geographic name entry element | Plastic analysis (Engineering) |
| 650 #0 - SUBJECT ADDED ENTRY--TOPICAL TERM | |
| Topical term or geographic name entry element | Structural frames. |
| 650 #0 - SUBJECT ADDED ENTRY--TOPICAL TERM | |
| Topical term or geographic name entry element | Structural design. |
| 700 10 - ADDED ENTRY--PERSONAL NAME | |
| Personal name | Heyman, Jacques. |
| 907 ## - LOCAL DATA ELEMENT G, LDG (RLIN) | |
| a | .b10227556 |
| b | 26-01-07 |
| c | 26-01-07 |
| 942 ## - ADDED ENTRY ELEMENTS (KOHA) | |
| Koha item type | Ordinary Loan Books |
| Call number prefix | TA652 .B28 |
| Date last seen | Total Checkouts | Full call number | Barcode | Cost, replacement price | Price effective from | Koha item type | Lost status | Source of classification or shelving scheme | Damaged status | Not for loan | Collection | Withdrawn status | Home library | Current library | Shelving location | Date acquired | Cost, normal purchase price |
|---|---|---|---|---|---|---|---|---|---|---|---|---|---|---|---|---|---|
| 01/23/2023 | 2 | TA652 .B28 BAK | 92003017117 | 80.00 | 01/23/2023 | BOOKS | LCC | NFIC | MAIN | MAIN | GEN | 01/23/2023 | 80.00 |